Statistieken voor Regio's van Spanje met kaart

Klik hier om de quiz te nemen!

Algemene statistieken

  • Deze quiz is 101 keer genomen
  • De gemiddelde score is 11 van 17

Antwoorden op de kaart

Antwoorden kleurgecodeerd door een groen-rode schaal op de quizkaart volgens % correct hieronder.
 

Antwoordstatistieken

Antwoord% Correct
Catalonie
90%
Canarische Eilanden
86%
Madrid
86%
Valencia
86%
Balearen
79%
Andalusie
74%
Murcia
71%
Extremadura
69%
Galicie
69%
Baskenland
67%
Aragon
66%
Castilie en Leon
64%
Castilie la Mancha
55%
La Rioja
52%
Asturie
50%
Navarra
45%
Cantabrie
38%

Scoreverdeling

Percentiel versus Aantal Correcte Antwoorden

Procent van Mensen met Elke Score

Uw Scoregeschiedenis

U heeft deze quiz nog niet genomen